La revolución urbana

में बचाया:
ग्रंथसूची विवरण
मुख्य लेखक: Lefebvre, Henry
स्वरूप: मूलपाठ
प्रकाशित: Madrid : ALIANZA
संस्करण:2
विषय:
टैग: टैग जोड़ें
कोई टैग नहीं, इस रिकॉर्ड को टैग करने वाले पहले व्यक्ति बनें!

MARC

LEADER 00000 a a2200000 04500
001 24666
003
040
020 |a 84-206-1378-9  
090 |a 1003 L489r  
100 |a Lefebvre, Henry  
245 |a La revolución urbana  
250 |a 2  
260 |a Madrid :   |b ALIANZA  
300 |a 198 páginas  
630 |a URBANISMO  
630 |a POBLACION URBANA  
630 |a DESARROLLO URBANO  
999 |c 9851  |d 9851